000 00337nam a2200121Ia 4500
008 230907s9999||||xx |||||||||||||| ||und||
082 _a629.8042
_bGAD
100 _aGad-el-Hak, Mohamed,
_9115500
245 0 _aFlow control :
260 _aCambridge University Press
_bCambridge ; | New York
_c2000
300 _axx, 421 p. :
942 _cBK
999 _c598578
_d598578